سچ بو لتے ا فسا نے (Record no. 179468)
[ view plain ]
| 000 -LEADER | |
|---|---|
| fixed length control field | 00596nam a22001937a 4500 |
| 005 - DATE AND TIME OF LATEST TRANSACTION | |
| control field | 20210614154045.0 |
| 010 ## - LCCN (DPL NO) | |
| LC control number | UR-11140 |
| 020 ## - INTERNATIONAL STANDARD BOOK NUMBER | |
| Terms of availability | 200.00 |
| International Standard Book Number | - |
| 035 ## - SYSTEM CONTROL NUMBER | |
| System control number | U-9695 |
| 037 ## - SOURCE OF ACQUISITION | |
| Source of stock number/acquisition | DBAD/PUB |
| 082 ## - DEWEY DECIMAL CLASSIFICATION NUMBER | |
| Classification number | ک |
| 100 ## - MAIN ENTRY--PERSONAL NAME | |
| Personal name | جميل نظا م آ با د ی |
| 245 ## - TITLE STATEMENT | |
| Title | سچ بو لتے ا فسا نے |
| Statement of responsibility, etc | جميل نظا م آ با د ی |
| 246 ## - VARYING FORM OF TITLE | |
| Title proper/short title | Such Bolte Afsane (Urdu) |
| Remainder of title | by Jameel Nizam Abadi |
| 260 ## - PUBLICATION, DISTRIBUTION, ETC. (IMPRINT) | |
| Place of publication, distribution, etc | Tilangana |
| Date of publication, distribution, etc | 2020 ء |
| Name of publisher, distributor, etc | Goonj Publications |
| 270 ## - ADDRESS | |
| Address | 9-19+64/AMiley Pali, |
| City | Nizamabad |
| Postal code | 503001 |
| Fax number | - |
| 300 ## - PHYSICAL DESCRIPTION | |
| Extent | 112 ص |
| Dimensions | 22 Cm(Hb) |
| 942 ## - ADDED ENTRY ELEMENTS (KOHA) | |
| Source of classification or shelving scheme | Dewey Decimal Classification |
| Item type | Urdu Bks |
| Classification part | ک |
| Call number suffix | ج م ی |
| Withdrawn status | Lost status | Not for loan | Collection code | Home library | Current library | Date acquired | Source of acquisition | Cost, normal purchase price | Full call number | Barcode | Copy number | Cost, replacement price | Koha item type |
|---|---|---|---|---|---|---|---|---|---|---|---|---|---|
| Fiction | D.B.Act.Division | Central Library | 14/06/2021 | DBAD/PUB | 200.00 | ک ج م ی | U-9696 | 1 | 200.00 | Urdu Bks |
